| Tag |
First Indicator |
Second Indicator |
Subfields |
| LEADER |
00000cam a2200000 i 4500 |
| 001 |
in00004591997 |
| 003 |
OCoLC |
| 005 |
20220829141425.1 |
| 008 |
210507t20212021ilu 000 p eng |
| 010 |
|
|
|a 2021020559
|
| 040 |
|
|
|a DLC
|e rda
|c DLC
|
| 020 |
|
|
|a 9781514002674
|q paperback
|
| 020 |
|
|
|a 1514002671
|q paperback
|
| 020 |
|
|
|z 9781514002681
|q electronic book
|
| 035 |
|
|
|a (OCoLC)1245579219
|
| 050 |
0 |
0 |
|a PS3610.A3494
|b G63 2021
|
| 082 |
0 |
0 |
|a 811/.6
|2 23
|
| 100 |
1 |
|
|a Jackson, Drew E.,
|d 1989-
|e author.
|
| 245 |
1 |
0 |
|a God speaks through wombs :
|b poems on God's unexpected coming /
|c Drew Jackson ; foreword by Jon Batiste.
|
| 264 |
|
1 |
|a Downers Grove, Illinois :
|b InterVarsity Press,
|c [2021].
|
| 264 |
|
4 |
|c ©2021.
|
| 300 |
|
|
|a 149 pages ;
|c 22 cm.
|
| 336 |
|
|
|a text
|b txt
|2 rdacontent
|
| 337 |
|
|
|a unmediated
|b n
|2 rdamedia
|
| 338 |
|
|
|a volume
|b nc
|2 rdacarrier
|
| 505 |
0 |
|
|a Foreword / Jon Batiste -- Openings -- Revelations -- Immersions -- Temptations -- Rolling deep -- On the plain -- Life lessons -- Parables and other things.
|
| 520 |
|
|
|a In this dynamic collection of poems, Drew Jackson explores the first eight chapters of Luke's Gospel. These are declarative poems, faithfully proclaiming the gospel story in all its liberative power. Here the gospel is the "fresh words / that speak of / things impossible." This powerful poetry helps us hear the hum of deliverance, against all hope-that's been in the gospel all along.
|
| 630 |
0 |
0 |
|a Bible.
|p Luke, I-VIII
|v Poetry.
|
| 650 |
|
0 |
|a Christian poetry, American
|y 21st century.
|
| 700 |
1 |
|
|a Batiste, Jon,
|d 1986-
|e author of foreword.
|
| 945 |
|
|
|b 398336
|
| 947 |
|
|
|a A14851592916
|
| 948 |
|
|
|a dmitchel 8/29/22 9.10.20
|
| 980 |
|
|
|b print
|c 40031239781
|f LIT/B
|g 565714
|k USD
|m 16.00
|q 1
|s AcqMono Conventional
|t Approval plan
|u Vendor order reference number
|v ZYBP
|y Print approval
|z Physical resource
|
| 999 |
f |
f |
|i 8fdbea06-cd91-4272-a046-f028c38fcd78
|s 46b9f8b3-d134-47d1-867e-b798d66e9301
|t 0
|
| 952 |
f |
f |
|p normal
|a Texas A&M University
|b College Station
|c Sterling C. Evans Library
|s Evans stk
|d Evans: Library Stacks
|t 0
|e PS3610.A3494 G63 2021
|h Library of Congress classification
|i unmediated -- volume
|m A14851592916
|